After. Přiznání /

Romantická série zachycující proměny a peripetie osudového vztahu dvou mladých protagonistů - Tessy a Hardina.

Hlavní autor: Todd, Anna
Další autoři: Faltejsková, Lenka, 1974-
Jazyk: Čeština
Vydáno: Praha : Euromedia Group, 2020
Vydání: Vydání třetí v tomto svazku, v tomto souboru první
Edice: Yoli
Témata:
Fyzický popis: 606 stran ; 20 cm
Language note: Český text
Knihy
Uloženo v:
LEADER 02959nam a2200529 i 4500
001 nkc20203243579
003 CZ PrNK
005 20240808133757.0
007 ta
008 201102s2020 xr g 000 f cze
015 |a cnb003243579 
020 |a 978-80-242-6976-4  |q (soubor) 
020 |a 978-80-242-6978-8  |q (brožováno) :  |c samostatně neprodejné 
035 |a (OCoLC)1240908131 
040 |a ABG001  |b cze  |d ABA001  |e rda 
041 1 |a cze  |h eng 
072 7 |a 821.111(73)-3  |x Americká próza  |2 Konspekt  |9 25 
080 |a 821.111(73)-31  |2 MRF 
080 |a (0:82-312.5)  |2 MRF 
100 1 |a Todd, Anna  |7 kv2015884065  |4 aut 
240 1 0 |a After we collided.  |l Česky 
245 1 0 |a After.  |p Přiznání /  |c Anna Todd ; z anglického originálu After we collided ... přeložila Lenka Faltejsková 
246 3 0 |a Přiznání 
250 |a Vydání třetí v tomto svazku, v tomto souboru první 
264 1 |a Praha :  |b Euromedia Group,  |c 2020 
300 |a 606 stran ;  |c 20 cm 
336 |a text  |b txt  |2 rdacontent 
337 |a bez média  |b n  |2 rdamedia 
338 |a svazek  |b nc  |2 rdacarrier 
490 1 |a Yoli 
500 |a Distribuováno ve společném kartonovém pouzdru spolu s dalšími 4 díly: Polibek, Tajemství, Pouto a Před námi; název na pouzdru: After 1-5 
520 2 |a Romantická série zachycující proměny a peripetie osudového vztahu dvou mladých protagonistů - Tessy a Hardina.  |b Když se Tessa dozví, že s ní Hardin začal chodit kvůli sázce, kterou uzavřel s přáteli, je zdrcená. Není to poprvé, co se přesvědčila, že kluk, do kterého se zamilovala, dokáže být pěkně krutý, ale takové ponížení nečekala ani v nejhorším snu. Musí se smířit s tím, že Hardin navždy zůstane... Hardinem. Že by se v něm až tak moc mýlila? Rozum i nejbližší okolí jí radí, aby se Hardina už navždy vzdala, nebyla by první, kterou ponížil a odkopl. Kvůli Hardinovi odstavila na vedlejší kolej všechno, na čem jí záleželo. Hardin, který se do Tessy mezitím doopravdy zamiloval, zjišťuje, že bez ní nedokáže žít, kaje se a prosí o odpuštění. Hardin ví, že se dopustil nejhorší chyby ve svém životě. Dokáže se ale opravdu změnit? Všechno navíc komplikuje Zed, který se pokouší Tessu získat a na rozdíl od Hardina je hodný a milý. Nakladatelská anotace. Kráceno. 
546 |a Český text 
653 0 |a literatura new adult 
655 7 |a americké romány  |7 fd131796  |2 czenas 
655 7 |a milostné romány  |7 fd132840  |2 czenas 
655 9 |a American fiction  |2 eczenas 
655 9 |a love novels  |2 eczenas 
700 1 |a Faltejsková, Lenka,  |d 1974-  |7 ola2003191643  |4 trl 
740 0 2 |a After 1-5 
787 0 8 |i Z cyklu:  |t After  |g 2 
830 0 |a Yoli  |0 s 
910 2 |a BOA001  |b 1-1475.703 
920 |a 4563290  |z ABG001 
990 |a BK 
995 |a 01 
996 6 |b 2610882958  |c 1-1475.703  |l MZK  |r Sklad / do 1 hodiny  |n 0  |p p.v.  |w 001867018  |u 000010  |a 1  |e BOA001  |j MZK50  |s P